000 00318nam a2200109Ia 4500
008 171211s9999 xx 000 0 und d
245 _aGetting by in Europe's Urban Labour Markets
245 _cInge Van Nieuwenhuyze
260 _c2008
650 _xEconomics
856 _uhttp://down.ebook777.com/064/9789089640505.pdf
999 _c348095
_d348095